Vùng đất Nam Bộ Tập 2 Từ cội nguồn đến thế kỷ VII
Shranjeno v:
| Glavni avtor: | |
|---|---|
| Drugi avtorji: | |
| Format: | Knjiga |
| Izdano: |
Hà Nội
Chính trị Quốc gia Sự thật
2017
|
| Teme: | |
| Oznake: |
Označite
Brez oznak, prvi označite!
|
| Thư viện lưu trữ: | Trung tâm Học liệu Lê Vũ Hùng, Trường Đại học Đồng Tháp |
|---|
| LEADER | 00874pam a22002538a 4500 | ||
|---|---|---|---|
| 001 | 00044248 | ||
| 005 | 20190514130556.0 | ||
| 008 | 110329s1984 ||||||Viesd | ||
| 020 | # | # | |a 978 604 57 2446 0 |c 200000đ |
| 041 | 0 | # | |a Vie |
| 082 | 1 | 4 | |a 915.977 |b V513Đ |
| 100 | 1 | # | |e Chủ biên |a Vũ, Minh Giang |
| 245 | 0 | 0 | |n Tập 2 |p Từ cội nguồn đến thế kỷ VII |a Vùng đất Nam Bộ |c Vũ Minh Giang; Nguyễn Việt |
| 260 | # | # | |a Hà Nội |b Chính trị Quốc gia Sự thật |c 2017 |
| 300 | # | # | |a 295 tr. |c 24 cm. |
| 653 | # | # | |a Cội nguồn |
| 653 | # | # | |a Việt Nam |
| 653 | # | # | |a Thế kỷ VII |
| 653 | # | # | |a Lịch sử |
| 653 | # | # | |a Nam Bộ |
| 700 | 1 | # | |a Nguyễn, Việt |
| 852 | # | # | |j KD.0025859 |
| 910 | # | # | |d 14/5/2019 |
| 980 | # | # | |a Trung tâm Học liệu Lê Vũ Hùng, Trường Đại học Đồng Tháp |